Arte y educación : I (Record no. 62780)
[ view plain ]
| 000 -CABECERA | |
|---|---|
| campo de control de longitud fija | 00551nam a2200217 a 4500 |
| 005 - FECHA Y HORA DE LA ÚLTIMA TRANSACCIÓN | |
| campo de control | 20210219152858.0 |
| 008 - ELEMENTOS DE LONGITUD FIJA--INFORMACIÓN GENERAL | |
| campo de control de longitud fija | 991125n 000 0 u |
| 035 ## - NÚMERO DE CONTROL DEL SISTEMA | |
| Número de control de sistema | UPN01000064861 |
| 100 ## - ASIENTO PRINCIPAL--NOMBRE PERSONAL | |
| Nombre de persona | REYES, Victor M. |
| 222 ## - TÍTULO CLAVE | |
| Título clave | REVISTA DE LA ESCUELA NORMAL SUPERIOR |
| 245 ## - MENCIÓN DE TÍTULO | |
| Título | Arte y educación : I |
| 300 ## - DESCRIPCIÓN FÍSICA | |
| Extensión | 61-65 |
| 362 ## - FECHAS DE PUBLICACIÓN Y/O DESIGNACIÓN SECUENCIAL | |
| Fecha de publicación y/o designación secuencial | 1964 2a época, no. 3, ene.-jun. |
| 653 0# - TERMINO DE INDIZACION - NO CONTROLADO | |
| Término no controlado | ARTE |
| 653 0# - TERMINO DE INDIZACION - NO CONTROLADO | |
| Término no controlado | EDUCACION ARTISTICA |
| 653 0# - TERMINO DE INDIZACION - NO CONTROLADO | |
| Término no controlado | ENSEÑANZA |
| 653 0# - TERMINO DE INDIZACION - NO CONTROLADO | |
| Término no controlado | ESTETICA |
| 653 0# - TERMINO DE INDIZACION - NO CONTROLADO | |
| Término no controlado | FILOSOFIA |
| 904 ## - ELEMENTOS DE DATOS D LOCAL, LDD (RLIN) | |
| a | AC |
| b | 002672 |
| 905 ## - TIPO DE MATERIAL | |
| Tipo de material | Articulo |
No items available.
